| 000 | 01468nam a2200385Ii 4500 | ||
|---|---|---|---|
| 001 | DIGVEDIV0573 | ||
| 003 | NyNyDIG | ||
| 006 | m o d | ||
| 007 | cr ||||||||||| | ||
| 008 | 250216s2023 sp a o 000 0 spa d | ||
| 035 | _a(OCoLC)1501450403 | ||
| 040 |
_aDGITA _beng _erda _epn _cDGITA |
||
| 020 |
_a9788490739549 _qeBook |
||
| 020 | _z9788490739495 | ||
| 050 | 1 | 4 | _aBX2215.3 ebook |
| 245 | 0 | 0 |
_aMirada esperanzada : _badviento y navidad, ciclo B : del 3 de diciembre de 2023 al 7 de enero de 2024. |
| 264 | 1 |
_aEstella (Navarra), España : _bEditorial Verbo Divino, _c[2023] |
|
| 300 |
_a1 online resource : _billustrations. |
||
| 336 |
_atext _btxt _2rdacontent |
||
| 337 |
_acomputer _bc _2rdamedia |
||
| 338 |
_aonline resource _bcr _2rdacarrier |
||
| 347 |
_atext file _2rdaft |
||
| 347 | _bPDF | ||
| 490 | 1 |
_aEucaristía ; _v1 |
|
| 588 | 0 | _aOnline resource; title from PDF title page (Digitalia, viewed February 16, 2025) | |
| 650 | 0 | _aChristian life. | |
| 650 | 0 | _aMonastic and religious life. | |
| 776 | 0 | 8 |
_iPrint version: _tMirada esperanzada. _dEstella (Navarra), España : Editorial Verbo Divino, [2023] _z9788490739495 |
| 791 | 2 |
_aDigitalia (Firm), _edistributor. |
|
| 793 | 0 |
_gDigitalia eBook Collection: _aEditorial Verbo Divino |
|
| 830 | 0 |
_aEucaristía (Editorial Verbo Divino) ; _v1. |
|
| 856 | 4 | 0 |
_3Digitalia Hispánica _uhttps://www.digitaliapublishing.com/a/130067/ |
| 910 | _aPremium collection: 2025 | ||
| 942 | _cRAA | ||
| 999 |
_c280781 _d280781 |
||